LIBRARY ONLINE CATALOGUE

Basic concepts of psychiatric-mental health nursing / (Record no. 6732)

MARC details
000 -LEADER
fixed length control field 00881nam a22002532 4500
001 - CONTROL NUMBER
control field 0000004931
005 - DATE AND TIME OF LATEST TRANSACTION
control field 20151217151946.0
008 - FIXED-LENGTH DATA ELEMENTS--GENERAL INFORMATION
fixed length control field 070604s xx 000 0 eng d
020 ## - INTERNATIONAL STANDARD BOOK NUMBER
International Standard Book Number 0397547579 :
040 ## - CATALOGING SOURCE
Original cataloging agency KABU
Transcribing agency KABU
050 #0 - LIBRARY OF CONGRESS CALL NUMBER
Classification number RC440
Item number .S55 1990
100 1# - MAIN ENTRY--PERSONAL NAME
Personal name Shives, Louise Rebraca.
-- 0000155900
245 10 - TITLE STATEMENT
Title Basic concepts of psychiatric-mental health nursing /
Statement of responsibility, etc. Louse Rebraca Shives; contributors, Rebecca H. sSouthwell, Marlene Young.
250 ## - EDITION STATEMENT
Edition statement 2nd ed.
260 ## - PUBLICATION, DISTRIBUTION, ETC. (IMPRINT)
Place of publication, distribution, etc. Grand Rapids :
Name of publisher, distributor, etc. J. B. Lippincott Company,
Date of publication, distribution, etc. 1990.
300 ## - PHYSICAL DESCRIPTION
Extent xi, 658 p. ;
Dimensions 24 cm.
650 #0 - SUBJECT ADDED ENTRY--TOPICAL TERM
Topical term or geographic name as entry element Psychiatric nursing.
-- 0000155901
700 1# - ADDED ENTRY--PERSONAL NAME
Personal name Southwell, Rebecca H.
-- 0000155902
700 1# - ADDED ENTRY--PERSONAL NAME
Personal name Young, Marlene.
-- 0000155903
908 ## - PUT COMMAND PARAMETER (RLIN)
Put command parameter 070604
950 ## - LOCAL HOLDINGS (RLIN)
-- 1
Holdings
Withdrawn status Lost status Source of classification or shelving scheme Not for loan Home library Current library Date acquired Total Checkouts Full call number Barcode Date last seen Date last checked out Price effective from Koha item type
    Library of Congress Classification   Kabarak, Main Campus Kabarak, Main Campus 17/12/2015 3 RC440 .S55 1990 006651 06/06/2019 24/05/2019 17/12/2015 General Collection
    Library of Congress Classification   Kabarak, Main Campus Kabarak, Main Campus 17/12/2015 4 RC440 .S55 1990 006650 07/06/2019 16/05/2019 17/12/2015 General Collection